| 000 | 00813cam a2200229 4500 | ||
|---|---|---|---|
| 001 | J3417 | ||
| 008 | 090401t1994 xxu||||| |||| 00| 0 eng d | ||
| 035 | _a(Sirsi) u54946 | ||
| 041 | _aeng | ||
| 050 | _a690.0285 | ||
| 110 | _aOve Arup and Partners | ||
| 245 | _aCAD good practice guide. | ||
| 260 |
_bOve Arup and Partners _c1994 |
||
| 300 | _avii,248p. ; 30cm. | ||
| 350 | _a150 | ||
| 520 | _aCover title: Building Engineering AutoCAD: Good Practice Guide. The manual covers the production of most types of drawing for structural and building engineering commissions using AutoCAD running under the Arup Computing OvaCAD environment. | ||
| 650 | _aAUTOCAD | ||
| 650 | _aCOMPUTER AIDED DESIGN | ||
| 690 | _aMANAGEMENT-BUSINESS MANAGEMENT-INFORMATION MANAGEMENT | ||
| 942 | _n0 | ||
| 948 | _c04/03/1997 | ||
| 999 |
_c93524 _d93524 |
||